[Event "Mittelfranken-chTB2a 1011"]
[Site "Germany"]
[Date "2011.01.23"]
[Round "5.6"]
[White "Huemmer, Bruno"]
[Black "Koehl, Marco"]
[Result "1-0"]
[WhiteElo "1784"]
[BlackElo "1577"]
[PlyCount "43"]
[EventDate "2010.09.26"]
[EventType "team-tourn"]
[EventRounds "9"]
[EventCountry "GER"]
[SourceTitle "EXT 2012"]
[Source "ChessBase"]
[SourceDate "2011.11.24"]
[SourceVersion "1"]
[SourceVersionDate "2011.11.24"]
[SourceQuality "1"]
[WhiteTeam "Kirchehrenbach/Ebermannstadt"]
[BlackTeam "Rothenburg/Tauber"]
[WhiteTeamCountry "GER"]
[BlackTeamCountry "GER"]

1. c4 e5 2. Nc3 Nf6 3. Nf3 Nc6 4. d4 exd4 5. Nxd4 Ne5 6. e3 c5 7. Nf3 Nc6 8. Be2 Be7 9. b3 d6 10. Bb2 Bf5 11. Qd2 Qb6 12. 0-0 0-0 13. Bd3 Bxd3 14. Qxd3 Rad8 15. Qf5 g6 16. Qg5 Nb4 17. Na4 h6 18. Qh4 Qc7 19. Bxf6 Bxf6 20. Qxf6 d5 21. Nc3 Rd6 22. Nb5 1-0